000 00364 a2200109 4500
001 ART_41567
005 20260410162023.0
008 260409a
245 1 0 _aFijación de precios en transacciones tecnológicas intrafirma
100 1 _aChudnovsky, Daniel
773 0 _tRevista del derecho industrial
_g- Año I, Nº 1 (ene./abr. 1979)
_wREV41547
999 _c33311
_d33311